|
|
|
|
| LEADER |
00000nam a22000007a 4500 |
| 005 |
20130429151918.0 |
| 007 |
cr|||| |||| |
| 008 |
130429e2008 it |||||s|||| 00||0 ita d |
| 020 |
|
|
|a 9788884227881
|
| 035 |
|
|
|a 11190
|
| 040 |
|
|
|a vLex
|
| 090 |
|
|
|c 4211
|d 4211
|
| 100 |
1 |
0 |
|a Torre, Carmelo M.
|
| 245 |
1 |
0 |
|a Reti e percorsi di cooperazione nella pianificazione
|c / Carmelo M. Torre, Alessandra Angiuli
|h [Recurso electrn̤ico]
|
| 256 |
|
|
|a Servicio en ln̕ea
|
| 260 |
|
|
|a Bari :
|b Cacucci Editore,
|c 2008
|
| 300 |
|
|
|a 1 Recurso electrn̤ico
|
| 506 |
|
|
|d vLex Global
|d vLex Global (Academic Edition, excluding Law Schools)
|d vLex Global (U.S. Academic Edition, Law Schools)
|d vLex Global (U.S. Academic Edition, excluding Law Schools)
|d vLex Global (Academic Edition, Law Schools)
|
| 650 |
0 |
4 |
|a Economa̕
|z Italia
|
| 650 |
0 |
4 |
|a Polt̕ica regional
|z Italia
|
| 700 |
1 |
0 |
|a Angiuli, Alessandra
|
| 740 |
|
|
|a vLex Libros (Servicio en ln̕ea)
|
| 856 |
|
|
|b Acceso restringido
|u http://www.vlex.com/source/11190
|
| 942 |
|
|
|c BOOK
|
| 999 |
|
0 |
|a Economics
|